|
|
|
|
| LEADER |
03331nam a22004095i 4500 |
| 001 |
40548 |
| 003 |
BD-DhAAL |
| 005 |
20250424142255.0 |
| 008 |
230109t2021 enka 001 0 eng d |
| 010 |
|
|
|a 2021944884
|
| 020 |
|
|
|a 9780192848741
|
| 020 |
|
|
|z 9780192664969
|
| 020 |
|
|
|z 9780191944000
|
| 040 |
|
|
|a DLC
|b eng
|e rda
|c DLC
|d BD-DhAAL
|
| 042 |
|
|
|a pcc
|
| 082 |
|
|
|a 362.1091724
|2 23
|
| 100 |
|
|
|a Vaughan, J Patrick,
|e author.
|9 53288
|
| 245 |
0 |
0 |
|a Practical epidemiology :
|b using epidemiology to support primary health care /
|c J Patrick Vaughan, Cesar Victora, Ahmed Mushtaque Raza Chowdhury.
|
| 250 |
|
|
|a First edition.
|
| 260 |
|
|
|a Oxford :
|b Oxford University press,
|c 2021 [first impression].
|
| 263 |
|
|
|a 2110
|
| 300 |
|
|
|a xx, 276 pages :
|b illustrations ;
|c 24 cm.
|
| 500 |
|
|
|a Includes index.
|
| 520 |
|
|
|a "The 2030 Agenda for Sustainable Development was adopted by all United Nations Member States in 2015. There are 17 Sustainable Development Goals (SDGs) that were agreed by all high, middle and low-income countries (previously referred to as developed and developing countries) that aim to end poverty by adopting strategies to improve health and education, reduce inequality, and spur on economic growth while at the same time also tackling climate and environmental changes. The SDGs build on the earlier eight global Millennium Development Goals (MDGs) that aimed to reduce extreme poverty by 2015"--
|
| 526 |
|
|
|a AAL
|
| 541 |
|
|
|a Karim International, Complimentary copy from Dr. Ahmed Mushtaque Raza Chowdhury (Former Vice Chairperson of BRAC)
|e 40548, 40549, 44399, 44400
|
| 650 |
|
|
|a Epidemiology
|z Developing countries.
|9 53287
|
| 650 |
|
|
|a Primary health care
|z Developing countries.
|9 6529
|
| 700 |
1 |
|
|a Victora, Cesar,
|e author.
|9 53289
|
| 700 |
1 |
|
|a Chowdhury, A. M. Raza,
|e author.
|9 53290
|
| 852 |
|
|
|a Ayesha Abed Library
|c General Stacks
|
| 942 |
|
|
|2 ddc
|c BK
|
| 999 |
|
|
|c 44883
|d 44883
|
| 952 |
|
|
|0 0
|1 0
|2 ddc
|4 0
|6 362_109172400000000_VAU
|7 0
|9 72814
|a BRACUL
|b BRACUL
|c GEN
|d 2023-01-08
|e Karim International
|g 4000.00
|l 0
|o 362.1091724 VAU
|p 3010040548
|r 2023-01-08
|t 1
|v 4000.00
|w 2023-01-08
|y BK
|
| 952 |
|
|
|0 0
|1 0
|2 ddc
|4 0
|6 362_109172400000000_VAU
|7 0
|9 72815
|a BRACUL
|b BRACUL
|c GEN
|d 2023-01-08
|e Karim International
|g 4000.00
|l 0
|o 362.1091724 VAU
|p 3010040549
|r 2023-01-08
|t 2
|v 4000.00
|w 2023-01-08
|y BK
|
| 952 |
|
|
|0 0
|1 0
|2 ddc
|4 0
|6 362_109172400000000_VAU
|7 1
|9 77660
|a BRACUL
|b BRACUL
|c AMRC
|d 2025-04-24
|e Complimentary copy from Dr. Ahmed Mushtaque Raza Chowdhury (Former Vice Chairperson of BRAC)
|l 1
|m 3
|o 362.1091724 VAU
|p 3010044399
|r 2025-10-26
|s 2025-09-22
|t 3
|w 2025-04-24
|y BK
|x Complimentary copy received from Dr. Ahmed Mushtaque Raza Chowdhury (Former Vice Chairperson of BRAC) on 17 April 2025 ; The university librarian instructed to process the photocopy of the book because the author is the copyright recipient ;
|
| 952 |
|
|
|0 0
|1 0
|2 ddc
|4 0
|6 362_109172400000000_VAU
|7 1
|9 77661
|a BRACUL
|b BRACUL
|c AMRC
|d 2025-04-24
|e Complimentary copy from Dr. Ahmed Mushtaque Raza Chowdhury (Former Vice Chairperson of BRAC)
|l 0
|o 362.1091724 VAU
|p 3010044400
|r 2025-04-24
|t 4
|w 2025-04-24
|y BK
|x Complimentary copy received from Dr. Ahmed Mushtaque Raza Chowdhury (Former Vice Chairperson of BRAC) on 17 April 2025 ; The university librarian instructed to process the photocopy of the book because the author is the copyright recipient.
|